Search the Library Catalogue
| 000 -LEADER | |
|---|---|
| fixed length control field | 00858nam a2200193 a 4500 |
| 008 - FIXED-LENGTH DATA ELEMENTS--GENERAL INFORMATION | |
| fixed length control field | 250902s2025##################000#0#eng## |
| 020 ## - INTERNATIONAL STANDARD BOOK NUMBER | |
| ISBN | 9780073137452 |
| Paper back/Hardbound | pbk |
| 041 ## - LANGUAGE CODE | |
| Language code of text/sound track or separate title | eng |
| 082 04 - DEWEY DECIMAL CLASSIFICATION NUMBER | |
| Classification number | 780.9 |
| Item number | FUL |
| 100 ## - MAIN ENTRY--AUTHOR NAME | |
| Personal name | Fuller, Sarah |
| 245 10 - TITLE STATEMENT | |
| Title | The European Musical Heritage, 800-1750 |
| Statement of responsibility, etc | / Sarah Fuller |
| 250 ## - EDITION STATEMENT | |
| Edition statement | rev. ed. |
| 260 ## - PUBLICATION, DISTRIBUTION, ETC. (IMPRINT) | |
| Place of publication | Boston |
| Name of publisher | Mcgraw-hill Higher Education |
| Year of publication | 2006 |
| 300 ## - PHYSICAL DESCRIPTION | |
| Number of Pages | xviii, 621 p. |
| Other physical details | : ill. |
| Dimensions | ; 28 cm. |
| 520 ## - SUMMARY, ETC. | |
| Summary, etc | Features an anthology that offers a selection of musical scores for various major genres of Medieval, Renaissance, and Baroque music. This work contains selections that are grouped by type within each period to facilitate comparison and further study. It also provides extra resources such as translations, notes on sources, and more. |
| 650 ## - SUBJECT ADDED ENTRY--TOPICAL TERM | |
| Topical Term | Classical Music |
| 942 ## - ADDED ENTRY ELEMENTS (KOHA) | |
| Koha item type | Reference |
| Withdrawn status | Lost status | Damaged status | Not for loan | Home library | Current library | Shelving location | Date acquired | Full call number | Accession Number | Price effective from | Koha item type |
|---|---|---|---|---|---|---|---|---|---|---|---|
| Anna Centenary Library | Anna Centenary Library | 6TH FLOOR, B WING | 14.01.2011 | 780.9 FUL | 487920 | 02.09.2025 | Reference |